000 00744nam a2200205 4500
001 144026
003 ES-MaACL
005 20230906200928.0
007 t|
008 070214s1977 sp r ||||1| spa d
100 1 _aSimón Palmer, María del Carmen.
_9106548
245 1 0 _aManuscritos dramáticos del Siglo de Oro de la biblioteca del Instituto del Teatro de Barcelona /
_cpor Mª del Carmen Simón Palmer.
260 _aMadrid :
_bC. S. I. C.,
_c1977 (
_fRaycar)
300 _aVIII, 94 p. ;
_c25 cm.
490 1 _aCuadernos bibliográficos
710 2 _aConsejo Superior de Investigaciones Científicas (España)
_93236
830 0 _aCuadernos bibliográficos
_9184126
852 _aES-MaACL
_jA-7079
_bR.96004
999 _c144026
_d144026